书目信息 |
| 题名: |
微生物学词典
|
|
| 作者: | 王祖农 主编 | |
| 分册: | ||
| 出版信息: | 北京 科学出版社 1990.09 |
|
| 页数: | 484页 | |
| 开本: | 26cm | |
| 丛书名: | ||
| 单 册: | ||
| 中图分类: | Q93-61 | |
| 科图分类: | ||
| 主题词: | 微生物学 | |
| 电子资源: | ||
| ISBN: | 7-03-000456-6 | |
| 000 | 00543nam0 2200193 45 | |
| 001 | 0409231531 | |
| 005 | 20040923155857.9 | |
| 010 | @a7-03-000456-6@b精装@dCNY36.00 | |
| 100 | @a20040923d1990 km y0chiy0120 ea | |
| 101 | 0 | @achi |
| 105 | @a z 000yy | |
| 200 | 1 | @a微生物学词典@AWei Sheng Wu Xue Ci Dian@f王祖农主编@FWang Zu Nong Zhu Bian |
| 210 | @a北京@c科学出版社@d1990.09 | |
| 215 | @a484页@d26cm | |
| 606 | 0 | @a微生物学 |
| 690 | @aQ93-61@v3 | |
| 701 | 0 | @a王祖农@4主编 |
| 801 | @aCN@bPftUser@c20040923 | |
| 905 | @f1@b245967@dQ93-61@e23 | |
| 微生物学词典/王祖农主编.-北京:科学出版社,1990.09 |
| 484页;26cm |
| ISBN 7-03-000456-6(精装):CNY36.00 |
| ● |
| 相关链接 |
|
|
|
|
正题名:微生物学词典
索取号:Q93-61/23
 
预约/预借
| 序号 | 登录号 | 条形码 | 馆藏地/架位号 | 状态 | 备注 |
| 1 | 0245967 | 001962013 | 工具书阅览室/ [索取号:Q93-61/23] | 在馆 | |
| 2 | 0245968 | 202450604 | 第二样本阅览室/ [索取号:Q93-61/23] | 在馆 |